<?xml version="1.0" encoding="UTF-8"?>
<record
    xmlns:xsi="http://www.w3.org/2001/XMLSchema-instance"
    xsi:schemaLocation="http://www.loc.gov/MARC21/slim http://www.loc.gov/standards/marcxml/schema/MARC21slim.xsd"
    xmlns="http://www.loc.gov/MARC21/slim">

  <leader>01165cam a2200301 i 4500</leader>
  <datafield tag="999" ind1=" " ind2=" ">
    <subfield code="c">7827</subfield>
    <subfield code="d">7827</subfield>
  </datafield>
  <controlfield tag="001">991060557237906706</controlfield>
  <controlfield tag="003">OSt</controlfield>
  <controlfield tag="005">20231212140512.0</controlfield>
  <controlfield tag="008">220620e202204  spca          000 0 cat| </controlfield>
  <datafield tag="015" ind1=" " ind2=" ">
    <subfield code="a">LL2022</subfield>
    <subfield code="2">bnc</subfield>
  </datafield>
  <datafield tag="017" ind1=" " ind2=" ">
    <subfield code="a">DL B 5843-20220</subfield>
    <subfield code="b">Biblioteca de Catalunya</subfield>
  </datafield>
  <datafield tag="020" ind1=" " ind2=" ">
    <subfield code="a">9788409390168</subfield>
  </datafield>
  <datafield tag="040" ind1=" " ind2=" ">
    <subfield code="a">ES-BaBC</subfield>
    <subfield code="b">cat</subfield>
    <subfield code="e">rda</subfield>
    <subfield code="c">CDMR</subfield>
  </datafield>
  <datafield tag="043" ind1=" " ind2=" ">
    <subfield code="a">e-sp---</subfield>
    <subfield code="b">e-spcvr</subfield>
    <subfield code="2">catmarc</subfield>
  </datafield>
  <datafield tag="080" ind1=" " ind2=" ">
    <subfield code="a">616-036.22</subfield>
    <subfield code="x">(460.23 VaOr Garriga)</subfield>
    <subfield code="x">(091)</subfield>
    <subfield code="x">(084.12)</subfield>
    <subfield code="2">2004</subfield>
  </datafield>
  <datafield tag="080" ind1=" " ind2=" ">
    <subfield code="a">616.2-022</subfield>
    <subfield code="x">(460.23 VaOr Garriga)</subfield>
    <subfield code="x">(084.12)</subfield>
    <subfield code="2">2004</subfield>
  </datafield>
  <datafield tag="100" ind1="1" ind2=" ">
    <subfield code="a">Ferrandis, Ramon,</subfield>
  </datafield>
  <datafield tag="245" ind1="1" ind2="3">
    <subfield code="a">La Garriga en temps de COVID :</subfield>
    <subfield code="b">de l'alarma a la vacuna /</subfield>
    <subfield code="c">Ramon Ferrandis ; pr&#xF2;leg: Manel Vilar ; ep&#xED;leg: Jordi Borr&#xE0;s</subfield>
  </datafield>
  <datafield tag="264" ind1=" " ind2="1">
    <subfield code="a">La Garriga :</subfield>
    <subfield code="b">Edicions de la Garriga Secreta,</subfield>
    <subfield code="c">2022</subfield>
  </datafield>
  <datafield tag="300" ind1=" " ind2=" ">
    <subfield code="a">219 p&#xE0;gines :</subfield>
    <subfield code="b">principalment il&#xB7;lustracions en color ;</subfield>
    <subfield code="c">23 x 23 cm</subfield>
  </datafield>
  <datafield tag="650" ind1=" " ind2="7">
    <subfield code="a">Epid&#xE8;mies</subfield>
    <subfield code="z">Catalunya</subfield>
    <subfield code="z">Garriga</subfield>
    <subfield code="x">Hist&#xF2;ria</subfield>
    <subfield code="y">S. XXI</subfield>
    <subfield code="v">Llibres de l&#xE0;mines.</subfield>
    <subfield code="2">lemac</subfield>
  </datafield>
  <datafield tag="650" ind1=" " ind2="7">
    <subfield code="a">Pand&#xE8;mia de COVID-19, 2020-</subfield>
    <subfield code="z">Catalunya</subfield>
    <subfield code="z">Garriga</subfield>
    <subfield code="v">Llibres de l&#xE0;mines.</subfield>
    <subfield code="2">lemac</subfield>
  </datafield>
  <datafield tag="700" ind1="1" ind2=" ">
    <subfield code="a">Vilar i Bay&#xF3;, Manel,</subfield>
  </datafield>
  <datafield tag="700" ind1="1" ind2=" ">
    <subfield code="a">Borr&#xE0;s, Jordi,</subfield>
  </datafield>
  <datafield tag="908" ind1=" " ind2=" ">
    <subfield code="a">BC</subfield>
  </datafield>
  <datafield tag="940" ind1=" " ind2=" ">
    <subfield code="a">BC</subfield>
  </datafield>
  <datafield tag="942" ind1=" " ind2=" ">
    <subfield code="2">udc</subfield>
    <subfield code="c">MON</subfield>
  </datafield>
  <datafield tag="952" ind1=" " ind2=" ">
    <subfield code="0">0</subfield>
    <subfield code="1">0</subfield>
    <subfield code="4">0</subfield>
    <subfield code="7">0</subfield>
    <subfield code="a">CDMR</subfield>
    <subfield code="b">CDMR</subfield>
    <subfield code="d">2023-12-12</subfield>
    <subfield code="e">Donaci&#xF3;</subfield>
    <subfield code="g">20.00</subfield>
    <subfield code="l">0</subfield>
    <subfield code="o">Fa 6/21</subfield>
    <subfield code="p">CDMR22050020</subfield>
    <subfield code="r">2023-12-12</subfield>
    <subfield code="w">2023-12-12</subfield>
    <subfield code="y">MON</subfield>
  </datafield>
</record>
